|
|
|
|
| LEADER |
00000nam0a2200000 4500 |
| 001 |
349103 |
| 005 |
20231102010154.0 |
| 035 |
|
|
|a (RuTPU)RU\TPU\retro\1107
|
| 090 |
|
|
|a 349103
|
| 100 |
|
|
|a 20180412d1977 m y0rusy50 ca
|
| 101 |
0 |
|
|a rus
|
| 102 |
|
|
|a RU
|
| 105 |
|
|
|a a j 001zy
|
| 200 |
1 |
|
|a Руководство к практическим занятиям по технологии лекарств
|f И. С. Ажгихин
|
| 210 |
|
|
|a Москва
|c Медицина
|d 1977
|
| 215 |
|
|
|a 384 с.
|c ил.
|
| 320 |
|
|
|a Библиогр.: с. 381
|
| 606 |
1 |
|
|a Фармакология общая
|2 stltpush
|3 (RuTPU)RU\TPU\subj\60551
|9 77831
|
| 610 |
1 |
|
|a нормирование
|
| 610 |
1 |
|
|a приготовление
|
| 610 |
1 |
|
|a стерилизация
|
| 610 |
1 |
|
|a ядовитые вещества
|
| 610 |
1 |
|
|a сильнодействующие вещества
|
| 610 |
1 |
|
|a лекарственные вещества
|
| 610 |
1 |
|
|a дозирование
|
| 610 |
1 |
|
|a лекарственные формы
|
| 610 |
1 |
|
|a фотопрепараты
|
| 610 |
1 |
|
|a растворы
|
| 610 |
1 |
|
|a аптеки
|
| 610 |
1 |
|
|a заводское производство
|
| 610 |
1 |
|
|a биофармация
|
| 610 |
1 |
|
|a технология
|
| 610 |
1 |
|
|a практические работы
|
| 610 |
1 |
|
|a руководства
|
| 675 |
|
|
|a 615(076.5)
|v 4
|
| 700 |
|
1 |
|a Ажгихин
|b И. С.
|g Илья Степанович
|
| 801 |
|
1 |
|a RU
|b 63413507
|c 20180412
|
| 801 |
|
2 |
|a RU
|b 63413507
|c 20180412
|g RCR
|
| 942 |
|
|
|c BK
|